000 00486nam a2200181Ia 4500
005 20250508162125.0
008 008 250505s9999 xx 000 0 eng d
037 _aTextual
040 _aFEDL
_beng
_cFEDL
041 _aeng
_2eng
084 _a351.1, MIS
_qFEDL
100 _aMisra B.B.
245 0 _aBureaucracy in India
260 _aDelhi, India
_bOxford University Press
_c1980
300 _axii,421p.
942 _cTEXL
_h351.1, MIS
999 _c1374522
_d1374522